All Destroyer Classes of the Royal Navy - Statistics

General Stats
  • This quiz has been taken 6 times
  • The average score is 34 of 83
Answer Stats
Year they were first laid down Number of ships in class Answer % Correct
1928 10 A
100%
1929 10 B
100%
1930 5 C
100%
1942 32 C
100%
1895 10 D
100%
1931 9 D
100%
1933 9 E
100%
1933 9 F
100%
1935 15 H
100%
1936 13 I
100%
1937 8 J
100%
1937 8 K
100%
1938 8 L
100%
1939 8 M
100%
1939 8 N
100%
1940 8 O
100%
1939 8 P
100%
1940 8 Q
100%
1915 62 R
100%
1941 8 R
100%
1917 67 S
100%
1941 8 S
100%
1941 8 T
100%
1941 8 U
100%
1942 8 V
100%
1942 8 W
100%
1943 8 Z
100%
1942 26 Battle
75%
1892 2 Daring
75%
1943 8 Daring
75%
1934 9 G
75%
1944 4 Weapon
75%
1905 12 Tribal
50%
1936 27 Tribal
50%
1925 1 Amazon
25%
1924 1 Ambuscade
25%
1959 8 County
25%
1899 3 Greyhound
25%
1902 36 River
25%
1917 8 Scott
25%
1970 16 Type 42
25%
2003 6 Type 45
25%
1967 1 Type 82
25%
1911 20 Acasta
0%
1910 23 Acheron
0%
1909 20 Acorn
0%
1913 85 Admiralty M
0%
1896 1 Albatross
0%
1893 3 Ardent
0%
1896 3 Avon
0%
1894 3 Banshee
0%
1909 16 Beagle
0%
1895 2 Brazen
0%
1896 2 Bullfinch
0%
1893 3 Charger
0%
1898 1 Cobra
0%
1896 6 Earnest
0%
1898 2 Falcon
0%
1896 2 Fawn
0%
1893 2 Ferret
0%
1896 6 Gipsy
0%
1894 3 Handy
0%
1894 2 Hardy
0%
1892 2 Havock
0%
1894 3 Janus
0%
1912 22 Laforey
0%
1914 7 Marksman
0%
1913 6 Mastiff
0%
1896 2 Mermaid
0%
1915 6 Parker
0%
1895 4 Quail
0%
1894 3 Rocket
0%
1894 2 Salmon
0%
1916 5 Shakespeare
0%
1896 8 Star
0%
1894 3 Sturgeon
0%
1894 3 Sunfish
0%
1905 1 Swift
0%
1894 2 Swordfish
0%
1916 67 V&W
0%
1896 2 Violet
0%
1898 2 Viper
0%
1894 1 Zebra
0%
No matching quizzes found
Score Distribution
Percent of People with Each Score
Percentile by Number Answered
Your Score History
You have not taken this quiz